[Event "SF Neuenkirchen 1 - SK Herne-Sodingen 1"]
[Site "NRW-Klasse, Gruppe 2 2013/201"]
[Date "2014.03.09"]
[Round "7.6"]
[White "Haves, Reinhard"]
[Black "Schippan, Bernhard"]
[Result "1/2-1/2"]
[WhiteElo "2151"]
[BlackElo "2181"]
[PlyCount "50"]
[EventDate "2014.??.??"]
[WhiteTeam "SF Neuenkirchen 1"]
[BlackTeam "SK Herne-Sodingen 1"]

1. Nf3 Nf6 2. g3 g6 3. Bg2 Bg7 4. d4 O-O 5. O-O d6 6. c4 c5 7. Nc3 Nc6 8. dxc5
dxc5 9. Bf4 Nh5 10. Qxd8 Rxd8 11. Be3 Nd4 12. Rac1 Be6 13. b3 Bg4 14. Rfd1 Bxf3
15. exf3 b6 16. Kf1 e6 17. f4 Rac8 18. Nb5 a6 19. Nc3 Rb8 20. Rd3 Nf5 21. Rxd8+
Rxd8 22. Rd1 Nxe3+ 23. fxe3 Rxd1+ 24. Nxd1 Kf8 25. Ke2 Ke7 1/2-1/2

[Event "SF Neuenkirchen 1 - SK Herne-Sodingen 1"]
[Site "NRW-Klasse, Gruppe 2 2013/201"]
[Date "2014.03.09"]
[Round "7.7"]
[White "Becker, Joerg"]
[Black "Seegers, Hendrik"]
[Result "1/2-1/2"]
[WhiteElo "2149"]
[BlackElo "2159"]
[PlyCount "155"]
[EventDate "2014.??.??"]
[WhiteTeam "SK Herne-Sodingen 1"]
[BlackTeam "SF Neuenkirchen 1"]

1. d4 d5 2. Nf3 e6 3. c4 c6 4. g3 dxc4 5. Bg2 Nd7 6. O-O b5 7. Nc3 Bb7 8. Bf4
Ngf6 9. Ne5 Nd5 10. Qc1 Bb4 11. e4 Nxc3 12. bxc3 Be7 13. Rb1 Nxe5 14. Bxe5 O-O
15. g4 a6 16. Qc2 c5 17. Rbd1 cxd4 18. cxd4 Bd6 19. Bg3 Bxg3 20. hxg3 Rc8 21.
d5 exd5 22. exd5 Qd6 23. Be4 g6 24. Kg2 Rc5 25. f3 Bc8 26. Qd2 f5 27. gxf5 Bxf5
28. Qc3 Rc7 29. g4 Bc8 30. a3 Rf4 31. Qb4 Rd7 32. Bf5 Qxb4 33. axb4 Rd8 34. Kg3
g5 35. Be4 Bxg4 36. Bc2 Bf5 37. Bxf5 Rxf5 38. d6 Rd7 39. Rfe1 Rf6 40. Re5 Rdxd6
41. Rxg5+ Kf7 42. Rh1 h6 43. Rc5 Rd3 44. Rf1 Rb3 45. Kg4 Rxb4 46. Rc7+ Kg8 47.
Kh5 Rb3 48. f4 Rh3+ 49. Kg4 Rd3 50. Re1 Rd4 51. Re8+ Rf8 52. Rxf8+ Kxf8 53. Kf5
Rd6 54. Ke5 Rb6 55. f5 Rb8 56. f6 b4 57. Kf5 Rb5+ 58. Ke6 Rb6+ 59. Kf5 Rb5+ 60.
Ke6 Rb8 61. Rf7+ Kg8 62. Rg7+ Kh8 63. Kf7 b3 64. Kg6 Rg8 65. Kf7 Rc8 66. Kg6 b2
67. Rh7+ Kg8 68. Rg7+ Kf8 69. Rf7+ Ke8 70. Re7+ Kd8 71. Rb7 Rc6 72. Rxb2 Kc7
73. Kg7 Kd6 74. f7 Rc7 75. Rb6+ Kd5 76. Rxa6 c3 77. Rxh6 Kd4 78. Rh1 1/2-1/2

[Event "SF Neuenkirchen 1 - SK Herne-Sodingen 1"]
[Site "NRW-Klasse, Gruppe 2 2013/201"]
[Date "2014.03.09"]
[Round "7.8"]
[White "Hachmeister, Dirk"]
[Black "Kaehmann, Joerg"]
[Result "0-1"]
[WhiteElo "2188"]
[BlackElo "2207"]
[PlyCount "204"]
[EventDate "2014.??.??"]
[WhiteTeam "SF Neuenkirchen 1"]
[BlackTeam "SK Herne-Sodingen 1"]

1. Nf3 Nf6 2. g3 g6 3. Bg2 Bg7 4. O-O O-O 5. d3 c5 6. Nbd2 Nc6 7. e4 d6 8. a4
Ne8 9. c3 Rb8 10. Qc2 a6 11. Nc4 b5 12. axb5 axb5 13. Ne3 Nc7 14. h4 e6 15. Bd2
f5 16. exf5 gxf5 17. Ng5 Bd7 18. f4 Qf6 19. Kh2 Kh8 20. Rae1 h6 21. Nh3 b4 22.
Rf2 Nb5 23. Rc1 Rfc8 24. Nc4 Qg6 25. Qd1 Bf6 26. Bf3 Qg7 27. Rg2 bxc3 28. bxc3
Bxc3 29. g4 Bxd2 30. gxf5 Qf7 31. Bh5 Qxf5 32. Nxd2 Rg8 33. Ne4 Rxg2+ 34. Kxg2
Rg8+ 35. Kh2 Ncd4 36. Bf3 e5 37. Nef2 exf4 38. Bg4 Qf7 39. Bxd7 Qxd7 40. Qh5
Qg7 41. Rg1 Qf8 42. Rxg8+ Kxg8 43. Qg4+ Qg7 44. Nxf4 Qxg4 45. Nxg4 Kg7 46. h5
Nf5 47. Kg2 Nbd4 48. Kf2 Kf7 49. Ke1 Nf3+ 50. Kd1 Ne5 51. Nf2 Ng3 52. Kd2 Kf6
53. Ke3 Kg5 54. Ne4+ Nxe4 55. Kxe4 Nf7 56. Kf3 Kf5 57. Ke3 Ne5 58. Nd5 Ng4+ 59.
Kf3 Nf6 60. Ne3+ Kg5 61. Nc4 d5 62. Nb6 Kxh5 63. Kf4 Kg6 64. Na4 c4 65. dxc4
dxc4 66. Nc3 h5 67. Ne2 Nd5+ 68. Ke4 Nb6 69. Kf4 Na4 70. Nd4 Kf6 71. Nc2 Nc5
72. Na3 c3 73. Nc2 Ke6 74. Kg5 Ke5 75. Kxh5 Ke4 76. Nb4 Kd4 77. Kg4 Kc4 78. Nc2
Kd3 79. Ne1+ Ke2 80. Nc2 Kd2 81. Nd4 Kd3 82. Nf3 Ke3 83. Ne1 Ke4 84. Kg3 Ke3
85. Nc2+ Kd2 86. Nd4 Kd3 87. Nf3 Ne6 88. Kf2 Nd4 89. Ne1+ Kd2 90. Kf1 Nc2 91.
Nf3+ Ke3 92. Ne5 Ke4 93. Nc6 Kd5 94. Na5 Nd4 95. Ke1 Kc5 96. Kd1 Kb4 97. Nb7
c2+ 98. Kd2 Kb3 99. Nc5+ Kb2 100. Nd3+ Kb1 101. Ke3 Nb3 102. Ke2 Nc1+ 0-1

[Event "SK Holsterhausen 1 - SV Letmathe 1"]
[Site "NRW-Klasse, Gruppe 2 2013/201"]
[Date "2014.04.06"]
[Round "8.1"]
[White "Podzielny, Karl-Heinz"]
[Black "Bee, Marcus"]
[Result "1-0"]
[WhiteElo "2377"]
[BlackElo "2214"]
[Annotator "Doe,John"]
[PlyCount "109"]
[EventDate "2014.??.??"]
[WhiteTeam "SV Letmathe 1"]
[BlackTeam "SK Holsterhausen 1"]

1. d4 g6 2. g3 Bg7 3. Bg2 d5 4. c4 c6 5. Nf3 Nf6 6. O-O O-O 7. Nc3 dxc4 8. h3
Nd5 9. e4 Nxc3 10. bxc3 Qa5 11. Qc2 Nd7 12. Be3 e5 13. Nd2 Nb6 14. Rfc1 Be6 15.
Nf3 exd4 16. Nxd4 Rad8 $11 17. Nxe6 fxe6 18. Bf1 Qa4 19. Rab1 Qxc2 20. Rxc2 Rd7
21. Rb4 Rfd8 22. a4 Bf8 23. a5 Bxb4 24. cxb4 Nc8 25. Bxc4 Kf7 26. Bg5 Rd1+ 27.
Kg2 R8d7 28. Rc3 R7d4 29. Rf3+ Ke8 30. Bxe6 Nd6 31. e5 Re4 32. Re3 Rxe3 33.
Bxe3 Nf7 34. f4 Rb1 35. Bxa7 Rxb4 36. Bb6 Ra4 37. Bc8 Nd8 38. e6 Re4 39. Kf3
Re1 40. Bd7+ Ke7 41. Bc5+ Kf6 42. e7 Rxe7 43. Bxe7+ Kxe7 44. Bc8 Kd6 45. Bxb7
Kc7 46. Ba6 c5 47. Bf1 Nb7 48. a6 Nd6 49. g4 Kb6 50. Ke3 h6 51. Bd3 g5 52. f5
c4 53. Be2 Kxa6 54. Kd4 Kb6 55. Bxc4 1-0

[Event "SK Holsterhausen 1 - SV Letmathe 1"]
[Site "NRW-Klasse, Gruppe 2 2013/201"]
[Date "2014.04.06"]
[Round "8.2"]
[White "Schwalen, Peter"]
[Black "Adamski, Jan"]
[Result "0-1"]
[WhiteElo "2063"]
[BlackElo "2281"]
[PlyCount "83"]
[EventDate "2014.??.??"]
[WhiteTeam "SK Holsterhausen 1"]
[BlackTeam "SV Letmathe 1"]

1. e4 c5 2. Nf3 e6 3. d4 cxd4 4. Nxd4 a6 5. Bd3 Nf6 6. Qe2 d6 7. c4 g6 8. Nc3
Bg7 9. Nc2 O-O 10. Be3 Nbd7 11. f4 b6 12. Bf2 Bb7 13. O-O Qc7 14. Na3 Nc5 15.
Bc2 Nh5 16. Be1 f5 17. g4 Bd4+ 18. Kg2 Nf6 19. Nab5 axb5 20. Nxb5 Qg7 21. Nxd4
Nfxe4 22. Qe3 Nd2+ 23. Kg1 Nxf1 24. Kxf1 e5 25. Nb5 Be4 26. Bxe4 fxe4 27. Bc3
Qd7 28. f5 gxf5 29. Qg5+ Kh8 30. Rd1 Nd3 31. Kg1 Rg8 32. Qf6+ Qg7 33. Qxg7+
Rxg7 34. h3 Rd8 35. Rd2 h5 36. Kf1 fxg4 37. hxg4 Rf8+ 38. Ke2 Rf2+ 39. Ke3 Rxd2
40. Bxd2 h4 41. Nxd6 h3 42. Nxe4 0-1

[Event "SK Holsterhausen 1 - SV Letmathe 1"]
[Site "NRW-Klasse, Gruppe 2 2013/201"]
[Date "2014.04.06"]
[Round "8.3"]
[White "Oswald, Hans-Joachim"]
[Black "Walbaum, Klaus"]
[Result "1/2-1/2"]
[WhiteElo "2190"]
[BlackElo "2141"]
[PlyCount "70"]
[EventDate "2014.??.??"]
[WhiteTeam "SV Letmathe 1"]
[BlackTeam "SK Holsterhausen 1"]

1. Nf3 Nf6 2. c4 c5 3. g3 b6 4. Bg2 Bb7 5. O-O e6 6. Nc3 Be7 7. Re1 O-O 8. e4
d6 9. d4 cxd4 10. Nxd4 Qc8 11. Be3 Nc6 12. b3 Rd8 13. Rc1 Nxd4 14. Bxd4 Nd7 15.
h3 h6 16. Kh2 a6 17. Re2 Qc7 18. Rd2 Rac8 19. Rcc2 Qb8 20. Qe2 Bf8 21. f4 Re8
22. Qg4 Rcd8 23. f5 Ne5 24. Qd1 exf5 25. exf5 Bxg2 26. Rxg2 b5 27. cxb5 axb5
28. Nd5 Qb7 29. Be3 Rc8 30. g4 Rxc2 31. Rxc2 Rc8 32. Rxc8 Qxc8 33. f6 Qa8 34.
a4 bxa4 35. bxa4 Qa6 1/2-1/2

[Event "SK Holsterhausen 1 - SV Letmathe 1"]
[Site "NRW-Klasse, Gruppe 2 2013/201"]
[Date "2014.04.06"]
[Round "8.4"]
[White "Khasin, Abram"]
[Black "Soukup, Jiri"]
[Result "0-1"]
[WhiteElo "2144"]
[BlackElo "2273"]
[PlyCount "130"]
[EventDate "2014.??.??"]
[WhiteTeam "SK Holsterhausen 1"]
[BlackTeam "SV Letmathe 1"]

1. d4 d5 2. c4 dxc4 3. Nf3 Nf6 4. e3 e6 5. Bxc4 c5 6. O-O a6 7. dxc5 Bxc5 8.
Qe2 b5 9. Bd3 Nc6 10. Nbd2 O-O 11. Nb3 Bd6 12. e4 e5 13. Be3 Qe7 14. Rac1 Nb4
15. Bb1 Be6 16. Nfd2 Rfc8 17. a3 Nc6 18. h3 Nd8 19. Na5 Nb7 20. Ndb3 Nc5 21.
Nxc5 Bxc5 22. b4 Bxe3 23. Qxe3 Nh5 24. Rc5 Rxc5 25. bxc5 Nf4 26. Kh2 Rc8 27. c6
Qg5 28. Rg1 Qh4 29. Rc1 Qg5 30. Qg3 Qd8 31. Nb7 Qb6 32. Qe3 Qxe3 33. fxe3 Ng6
34. c7 Bc4 35. Nd6 Rxc7 36. Ba2 Nf8 37. a4 Ne6 38. axb5 axb5 39. Bxc4 bxc4 40.
Rxc4 Rd7 41. Rc8+ Nf8 42. Nc4 f6 43. Nb6 Rb7 44. Nd5 Kf7 45. Kg3 Ne6 46. h4 h5
47. Rc2 Ra7 48. Kf3 g5 49. g3 Ra4 50. Kg2 gxh4 51. gxh4 Rxe4 52. Rf2 Rg4+ 53.
Kh3 Rg6 54. Ra2 Nc5 55. Rf2 Ne4 56. Rb2 Ke6 57. Rb5 Rg3+ 58. Kh2 Rg4 59. Kh3
Nd2 60. Nc7+ Kf5 61. Ne8 Ne4 62. Rb3 Rg8 63. Nc7 Rg3+ 64. Kh2 Kg4 65. Nd5 Kf3
0-1

[Event "SK Holsterhausen 1 - SV Letmathe 1"]
[Site "NRW-Klasse, Gruppe 2 2013/201"]
[Date "2014.04.06"]
[Round "8.5"]
[White "Gruermann, Martin"]
[Black "Dergatschova-Daus, Anna"]
[Result "0-1"]
[WhiteElo "2110"]
[BlackElo "2197"]
[PlyCount "100"]
[EventDate "2014.??.??"]
[WhiteTeam "SV Letmathe 1"]
[BlackTeam "SK Holsterhausen 1"]

1. e4 c5 2. Nf3 Nc6 3. Bb5 g6 4. O-O Bg7 5. Bxc6 dxc6 6. d3 Nf6 7. Qe2 O-O 8.
a4 Qc7 9. Na3 h6 10. Nc4 Be6 11. Bd2 b5 12. axb5 cxb5 13. Na3 Rfb8 14. Bc3 b4
15. Be5 Qb7 16. Nb1 Rd8 17. b3 a5 18. Nbd2 Ra7 19. Ra2 Qb5 20. Rfa1 Rda8 21.
Qe1 a4 22. Rxa4 Rxa4 23. Rxa4 Rxa4 24. bxa4 Qxa4 25. Qb1 Nd7 26. Bxg7 Kxg7 27.
h3 Qa3 28. Nh2 Nb6 29. Nb3 Na4 30. Qa1+ f6 31. Qxa3 bxa3 32. Na1 Nc3 33. Kf1 f5
34. f3 c4 35. Ke1 h5 36. Kd2 Nb5 37. Ke3 Kf6 38. d4 f4+ 39. Kxf4 Nxd4 40. c3
Ne2+ 41. Ke3 Nxc3 42. Nf1 Nb5 43. Ng3 Ke5 44. f4+ Kd6 45. f5 h4 46. fxe6 hxg3
47. Kf4 Kxe6 48. h4 Nd4 49. Kxg3 c3 50. Kf4 c2 0-1

[Event "SK Holsterhausen 1 - SV Letmathe 1"]
[Site "NRW-Klasse, Gruppe 2 2013/201"]
[Date "2014.04.06"]
[Round "8.6"]
[White "Bobzin, Pierre"]
[Black "Haude, Ruediger"]
[Result "0-1"]
[WhiteElo "2067"]
[BlackElo "2030"]
[PlyCount "96"]
[EventDate "2014.??.??"]
[WhiteTeam "SK Holsterhausen 1"]
[BlackTeam "SV Letmathe 1"]

1. Nf3 Nf6 2. g3 b6 3. Bg2 Bb7 4. O-O e6 5. d3 Be7 6. e4 d6 7. Nbd2 h6 8. Re1
Nbd7 9. a4 a5 10. Nc4 Nf8 11. e5 N6d7 12. d4 g5 13. Nxg5 Bxg2 14. Nxf7 Kxf7 15.
Qh5+ Kg7 16. Kxg2 Qe8 17. Qe2 d5 18. Ne3 c5 19. c3 Qg6 20. f3 Bg5 21. Ng4 h5
22. Nf2 Nh7 23. f4 Be7 24. Be3 Raf8 25. Qb5 Qe8 26. Qe2 Qg6 27. Qb5 Rd8 28. Qe2
Rhf8 29. Rf1 Rf7 30. Rac1 c4 31. Rg1 Kh8 32. Rcf1 Rg8 33. Kh1 Rfg7 34. Rg2 Qf5
35. Rfg1 Nhf8 36. Qd2 Rh7 37. Qc1 Bd8 38. Qd2 Qf7 39. h3 Ng6 40. Nd1 Ne7 41.
Bf2 Nf5 42. Ne3 Nf8 43. Rh2 Ng6 44. g4 hxg4 45. hxg4 Rxh2+ 46. Kxh2 Nxf4 47.
Nxf5 Qh7+ 48. Kg3 Qh3+ 0-1

[Event "SK Holsterhausen 1 - SV Letmathe 1"]
[Site "NRW-Klasse, Gruppe 2 2013/201"]
[Date "2014.04.06"]
[Round "8.7"]
[White "Hunold, Rolf"]
[Black "Sicars, Thorsten"]
[Result "1-0"]
[WhiteElo "1950"]
[BlackElo "1945"]
[PlyCount "71"]
[EventDate "2014.??.??"]
[WhiteTeam "SV Letmathe 1"]
[BlackTeam "SK Holsterhausen 1"]

1. e4 c6 2. d4 d5 3. Nc3 dxe4 4. Nxe4 Nf6 5. Nxf6+ gxf6 6. Nf3 Bf5 7. Bd3 e6 8.
Be3 Nd7 9. c3 Bxd3 10. Qxd3 Qa5 11. a3 O-O-O 12. b4 Qh5 13. O-O-O Rg8 14. Rhg1
Bh6 15. Bxh6 Qxh6+ 16. Kb2 Qh5 17. Kb3 Rg7 18. h4 Ne5 19. Qe4 Rg4 20. Qe2 Nxf3
21. Qxf3 f5 22. g3 Rdg8 23. Rh1 f4 24. gxf4 Qf5 25. Qd3 Rxf4 26. Rh2 Qd5+ 27.
c4 Qh5 28. Re1 Rxh4 29. Rxh4 Qxh4 30. Qf3 Rg7 31. d5 cxd5 32. cxd5 Kb8 33. dxe6
Qe7 34. Qf4+ Qc7 35. Qxc7+ Kxc7 36. e7 1-0

[Event "SK Holsterhausen 1 - SV Letmathe 1"]
[Site "NRW-Klasse, Gruppe 2 2013/201"]
[Date "2014.04.06"]
[Round "8.8"]
[White "Kortenbusch, Christoph"]
[Black "Weyrauch, Erich"]
[Result "1-0"]
[WhiteElo "2024"]
[BlackElo "2013"]
[PlyCount "115"]
[EventDate "2014.??.??"]
[WhiteTeam "SK Holsterhausen 1"]
[BlackTeam "SV Letmathe 1"]

1. Nf3 d5 2. c4 c6 3. e3 Nf6 4. Nc3 e6 5. d4 Nbd7 6. Bd3 Bd6 7. O-O O-O 8. e4
dxe4 9. Nxe4 Nxe4 10. Bxe4 Nf6 11. Bc2 h6 12. Be3 Re8 13. Qd2 Bf8 14. Rad1 b6
15. Rfe1 Bb7 16. Ne5 c5 17. dxc5 bxc5 18. Qxd8 Rexd8 19. f3 Be7 20. Kf2 Rac8
21. Rxd8+ Rxd8 22. Rd1 Rc8 23. Rd3 a6 24. Nd7 g5 25. h4 Nh7 26. Ne5 Nf8 27. Rb3
Rc7 28. Bd2 Bc8 29. Rb8 Rb7 30. Rxb7 Bxb7 31. Be3 Bf6 32. Nd3 Nd7 33. hxg5 hxg5
34. Ba4 Nb6 35. Nxc5 Bxb2 36. Bb3 Bc8 37. Nd3 Nxc4 38. Bxc4 Bf6 39. Nc5 a5 40.
Ne4 Bd8 41. Bxg5 Bc7 42. Be3 Kg7 43. a4 Bb7 44. Nc5 Bc6 45. Bb5 Bd5 46. Nd7 Bd6
47. Bd4+ Kg6 48. Bb6 Bb4 49. Ne5+ Kf6 50. Nc6 Bxc6 51. Bxc6 Ke5 52. Ke3 Kd6 53.
Bb5 Kd5 54. g4 f6 55. Kd3 Be1 56. Bd4 f5 57. Bc3 Bh4 58. Bxa5 1-0

[Event "Herforder SV Königsspringer 1 - SVG Ple"]
[Site "NRW-Klasse, Gruppe 2 2013/201"]
[Date "2014.04.06"]
[Round "8.1"]
[White "Haub, Thorsten Michael"]
[Black "Peist, Juergen"]
[Result "1-0"]
[WhiteElo "2425"]
[BlackElo "2237"]
[PlyCount "73"]
[EventDate "2014.??.??"]
[WhiteTeam "SVG Plettenberg 1"]
[BlackTeam "Herforder SV Königsspringer 1"]

1. g3 d5 2. Bg2 Nf6 3. d3 c5 4. Nd2 Nc6 5. e4 e6 6. Ngf3 Be7 7. O-O a5 8. a4 b6
9. Re1 Ba6 10. Nh4 O-O 11. exd5 Nxd5 12. Nhf3 Qc7 13. Nc4 Rad8 14. Nfd2 Ndb4
15. Na3 Rfe8 16. Ndc4 Bf6 17. Bf4 e5 18. Bd2 Na7 19. Be4 g6 20. Qf3 Bg7 21. Bg5
Rd7 22. Bf6 Bxf6 23. Qxf6 Re6 24. Qg5 Kg7 25. c3 Nxd3 26. Red1 Bb7 27. f3 Bxe4
28. fxe4 Qd8 29. Qe3 f5 30. Rd2 f4 31. Qe2 Rf6 32. Rad1 fxg3 33. hxg3 Rdf7 34.
Rxd3 Qe7 35. Ne3 Rf2 36. Qxf2 Rxf2 37. Rd7 1-0

[Event "Herforder SV Königsspringer 1 - SVG Ple"]
[Site "NRW-Klasse, Gruppe 2 2013/201"]
[Date "2014.04.06"]
[Round "8.2"]
[White "Pieper-Emden, Carsten"]
[Black "Kupreichik, Viktor D"]
[Result "1/2-1/2"]
[WhiteElo "2156"]
[BlackElo "2450"]
[Annotator "Doe,John"]
[PlyCount "69"]
[EventDate "2014.??.??"]
[WhiteTeam "Herforder SV Königsspringer 1"]
[BlackTeam "SVG Plettenberg 1"]

1. d4 d5 2. Nf3 c6 3. Bf4 Qb6 4. Qc1 Bf5 5. e3 Nf6 6. Be2 e6 7. O-O c5 8. Nbd2
Nc6 9. c3 Rc8 10. dxc5 Bxc5 11. b4 Be7 12. Qb2 O-O 13. Rac1 Nh5 14. Bg5 f6 15.
Bh4 g5 16. Bg3 Bg6 17. Nd4 e5 18. Nxc6 bxc6 19. Nb3 c5 20. bxc5 Bxc5 21. c4 a5
22. a4 Nxg3 23. hxg3 d4 24. exd4 exd4 25. Qa2 Rfd8 26. Bg4 f5 27. Bf3 Bf7 28.
Bd5 Bb4 29. Rfd1 Bc3 30. Bxf7+ Kxf7 31. c5 Qe6 32. Qc2 Rb8 33. Rb1 Rb4 34. Nc1
Qe4 35. Nd3 {Rest unleserlich!} 1/2-1/2

[Event "Herforder SV Königsspringer 1 - SVG Ple"]
[Site "NRW-Klasse, Gruppe 2 2013/201"]
[Date "2014.04.06"]
[Round "8.3"]
[White "Bosch, Jeroen"]
[Black "Loemker, Michael"]
[Result "1-0"]
[WhiteElo "2346"]
[BlackElo "2078"]
[PlyCount "77"]
[EventDate "2014.??.??"]
[WhiteTeam "SVG Plettenberg 1"]
[BlackTeam "Herforder SV Königsspringer 1"]

1. e4 g6 2. d4 Bg7 3. Nf3 d6 4. Nc3 Nf6 5. h3 O-O 6. Be3 c6 7. a4 a5 8. Be2 Na6
9. O-O Qc7 10. Nd2 d5 11. e5 Nd7 12. f4 e6 13. g4 Nb6 14. Nf3 Bd7 15. b3 Nc8
16. Bf2 f6 17. Qd2 Bh6 18. g5 fxg5 19. fxg5 Bg7 20. Nh2 Ne7 21. Ng4 Nf5 22.
Nf6+ Bxf6 23. gxf6 c5 24. Nb5 Qb8 25. c3 Kh8 26. Bd3 Bxb5 27. axb5 Nc7 28. dxc5
Ne8 29. Qe2 Nh6 30. b6 Nf7 31. Bd4 Nd8 32. Bb5 Nc6 33. Bxc6 bxc6 34. Ra4 Nc7
35. bxc7 Qxb3 36. Raa1 Qb7 37. Qg4 Rae8 38. f7 Re7 39. Qg5 1-0

[Event "Herforder SV Königsspringer 1 - SVG Ple"]
[Site "NRW-Klasse, Gruppe 2 2013/201"]
[Date "2014.04.06"]
[Round "8.4"]
[White "Quelle, Helmut"]
[Black "Bouaraba, Max"]
[Result "1/2-1/2"]
[WhiteElo "2060"]
[BlackElo "2156"]
[PlyCount "98"]
[EventDate "2014.??.??"]
[WhiteTeam "Herforder SV Königsspringer 1"]
[BlackTeam "SVG Plettenberg 1"]

1. Nf3 Nf6 2. g3 b6 3. Bg2 Bb7 4. O-O c5 5. c4 g6 6. Nc3 Bg7 7. Re1 O-O 8. e4
Nc6 9. d3 d6 10. a3 Ne8 11. Rb1 Nc7 12. Nd5 Ne6 13. b4 Ned4 14. Nxd4 Nxd4 15.
bxc5 e6 16. c6 Bxc6 17. Ne3 Qd7 18. Bb2 Rac8 19. Qd2 Ba4 20. Bc3 b5 21. Qb2 e5
22. cxb5 Nb3 23. Nd5 Nc5 24. Bf1 Nb3 25. Be2 Rb8 26. b6 axb6 27. Qa2 Nc5 28.
Nxb6 Qa7 29. Nc4 Bb3 30. Rxb3 Rxb3 31. Qc2 Rfb8 32. Bb4 Qa4 33. Bd1 R3xb4 34.
axb4 Qxb4 35. Kf1 Ne6 36. Ne3 Nd4 37. Qa2 Qc3 38. Qc4 Rc8 39. Qxc3 Rxc3 40. Be2
Bh6 41. Rb1 Kg7 42. Nc4 Rc2 43. Bd1 Rc3 44. Nxd6 Rxd3 45. Bg4 Nf3 46. Ne8+ Kf8
47. Rb8 Ra3 48. Nf6+ Kg7 49. Ne8+ Kf8 1/2-1/2

[Event "Herforder SV Königsspringer 1 - SVG Ple"]
[Site "NRW-Klasse, Gruppe 2 2013/201"]
[Date "2014.04.06"]
[Round "8.5"]
[White "Jansen, Dirk Norbert"]
[Black "Bykovskij, Sergej"]
[Result "1-0"]
[WhiteElo "2134"]
[BlackElo "2023"]
[Annotator "Doe,John"]
[PlyCount "109"]
[EventDate "2014.??.??"]
[WhiteTeam "SVG Plettenberg 1"]
[BlackTeam "Herforder SV Königsspringer 1"]

1. e4 c6 2. d4 d5 3. Nc3 dxe4 4. Nxe4 Bf5 5. Ng3 Bg6 6. Nf3 Nd7 7. h4 h6 8. h5
Bh7 9. Bd3 Bxd3 10. Qxd3 Ngf6 11. Bd2 e6 12. O-O-O Qc7 13. Qe2 Bd6 14. Nf5
O-O-O 15. Nxd6+ Qxd6 16. Ne5 Qe7 17. Ba5 Nb6 18. c4 Rde8 19. Rh3 Nfd7 $11 20.
Rg3 Nxe5 21. dxe5 f5 22. Rd6 Rhg8 23. c5 Nd5 24. Rb3 Nc7 25. Bxc7 Qxc7 26. Qc4
Qa5 27. Rc3 Qb5 28. Qxb5 cxb5 29. c6 Re7 30. Ra3 b6 31. Rg3 Kc7 32. Rg6 Rge8
33. Kc2 a6 34. Kc3 a5 35. a3 Kc8 36. a4 bxa4 37. Kc4 Kc7 38. Kb5 f4 39. f3 a3
40. bxa3 a4 41. Kxa4 Ra8+ 42. Kb4 Ra5 43. Rdxe6 Rxe5 44. Rxe7+ Rxe7 45. Kc4 b5+
46. Kd5 Kb6 47. Re6 Ra7 48. c7+ Kxc7 49. Re7+ Kb6 50. Rxa7 Kxa7 51. Ke6 Ka6 52.
Kf7 Ka5 53. Kxg7 Ka4 54. Kxh6 Kxa3 55. Kg5 1-0

[Event "Herforder SV Königsspringer 1 - SVG Ple"]
[Site "NRW-Klasse, Gruppe 2 2013/201"]
[Date "2014.04.06"]
[Round "8.6"]
[White "Heuermann, Heinz-Burkhard"]
[Black "Kuhnen, Thomas"]
[Result "0-1"]
[WhiteElo "1925"]
[BlackElo "2044"]
[PlyCount "94"]
[EventDate "2014.??.??"]
[WhiteTeam "Herforder SV Königsspringer 1"]
[BlackTeam "SVG Plettenberg 1"]

1. c4 Nf6 2. Nc3 e5 3. g3 d5 4. cxd5 Nxd5 5. Bg2 Nb6 6. Nf3 Nc6 7. O-O Be7 8.
d3 O-O 9. Be3 f5 10. b4 Bf6 11. Qb3+ Kh8 12. Rac1 Nd4 13. Bxd4 exd4 14. Nb5 c6
15. Na3 Re8 16. Rc2 Nd5 17. Nb1 Qb6 18. a3 Be6 19. Qb2 Re7 20. Re1 a5 21. bxa5
Qxa5 22. Rec1 Qa7 23. Bf1 Nc3 24. Nfd2 h5 25. Qb4 Na2 26. Qd6 Nxc1 27. Rxc1 Qb8
28. Qb4 h4 29. Nf3 hxg3 30. hxg3 Rd7 31. Qb2 Qd6 32. Nfd2 g6 33. Bg2 Kg7 34.
Nc4 Bxc4 35. Rxc4 Re8 36. Rc2 Re5 37. a4 Rc5 38. Rd2 Bg5 39. f4 Bf6 40. Na3 Rc3
41. Nc4 Qc5 42. Qa2 b5 43. Na5 Rc1+ 44. Kf2 Qe7 45. Bf1 Qe3+ 46. Kg2 g5 47.
fxg5 Be5 0-1

[Event "Herforder SV Königsspringer 1 - SVG Ple"]
[Site "NRW-Klasse, Gruppe 2 2013/201"]
[Date "2014.04.06"]
[Round "8.7"]
[White "Schulze, Marc"]
[Black "Hanisch, Bernd"]
[Result "1/2-1/2"]
[WhiteElo "2071"]
[BlackElo "1969"]
[PlyCount "52"]
[EventDate "2014.??.??"]
[WhiteTeam "SVG Plettenberg 1"]
[BlackTeam "Herforder SV Königsspringer 1"]

1. d4 Nf6 2. Bf4 e6 3. e3 c5 4. c3 Be7 5. Nf3 b6 6. Bd3 Bb7 7. Nbd2 O-O 8. Qc2
Nc6 9. g4 cxd4 10. exd4 Rc8 11. Qb1 d6 12. g5 Nd5 13. Bxh7+ Kh8 14. Bg3 Bxg5
15. Nxg5 Qxg5 16. Ne4 Qh5 17. Nxd6 Nxd4 18. cxd4 Ba6 19. Bd3 Bxd3 20. Qxd3 Nb4
21. Qe2 Nc2+ 22. Kd1 Qd5 23. Rg1 Qxd4+ 24. Qd2 Qg4+ 25. Qe2 Qd4+ 26. Qd2 Qg4+
1/2-1/2

[Event "Herforder SV Königsspringer 1 - SVG Ple"]
[Site "NRW-Klasse, Gruppe 2 2013/201"]
[Date "2014.04.06"]
[Round "8.8"]
[White "Friesen, Viktor"]
[Black "Richardt, Mike"]
[Result "1-0"]
[WhiteElo "2063"]
[BlackElo "1963"]
[PlyCount "81"]
[EventDate "2014.??.??"]
[WhiteTeam "Herforder SV Königsspringer 1"]
[BlackTeam "SVG Plettenberg 1"]

1. Nf3 d5 2. g3 Nf6 3. Bg2 Nbd7 4. d4 g6 5. O-O Bg7 6. c4 c6 7. Nc3 O-O 8. cxd5
cxd5 9. Qb3 Nb6 10. Bf4 Nh5 11. Be5 f6 12. Bf4 Nxf4 13. gxf4 Kh8 14. Rac1 Bd7
15. e3 Bc6 16. Qc2 Qd7 17. b3 Bh6 18. a4 a6 19. Na2 Rac8 20. Qd3 Qd6 21. f5 g5
22. Nc3 Rg8 23. Rfe1 g4 24. Nd2 Rg7 25. a5 Na8 26. Nxd5 Rd8 27. Nc3 Bf3 28. Ne2
e5 29. fxe6 Nc7 30. Ng3 Bxg2 31. Kxg2 Qxe6 32. Nf5 Qd7 33. Nxh6 Rg6 34. Nf5 Nd5
35. Ng3 Rg5 36. Nde4 Rg6 37. Nc5 Qc6 38. Kg1 Re8 39. Qf5 Nb4 40. Nd3 Qd6 41.
Rc8 1-0

[Event "SK Herne-Sodingen 1 - LSV Turm Lippstad"]
[Site "NRW-Klasse, Gruppe 2 2013/201"]
[Date "2014.04.06"]
[Round "8.1"]
[White "Wehmeier, Stefan"]
[Black "Sandkamp, Ralph"]
[Result "1-0"]
[WhiteElo "2411"]
[BlackElo "2203"]
[PlyCount "99"]
[EventDate "2014.??.??"]
[WhiteTeam "LSV Turm Lippstadt 1"]
[BlackTeam "SK Herne-Sodingen 1"]

1. d4 Nf6 2. c4 c5 3. d5 e6 4. Nc3 exd5 5. cxd5 d6 6. Nf3 g6 7. g3 Bg7 8. Bg2
O-O 9. O-O Re8 10. Nd2 Nbd7 11. h3 a6 12. a4 Rb8 13. a5 b5 14. axb6 Nxb6 15.
Qc2 Nfd7 16. Re1 Qc7 17. b3 f5 18. Bb2 Bb7 19. Nc4 Nf6 20. Red1 Bc8 21. Na5 Qf7
22. e3 Bd7 23. Ra2 Ra8 24. Qd3 Ne4 25. Nxe4 fxe4 26. Bxe4 Bxh3 27. Bxg7 Qxg7
28. Bh1 Bc8 29. e4 Ra7 30. f4 Rf7 31. Bf3 h5 32. Rh2 Qf6 33. Rf1 Rh7 34. Nc6
Nd7 35. e5 dxe5 36. Be4 exf4 37. Rxf4 Qg5 38. Bxg6 Rg7 39. Bxe8 Qxf4 40. Ne7+
Kf8 41. Ng6+ Rxg6 42. Bxg6 Qc1+ 43. Qf1+ Qxf1+ 44. Kxf1 Nf6 45. d6 Be6 46. Rf2
Kg7 47. Bf5 Kf7 48. Bxe6+ Kxe6 49. Rd2 Kd7 50. Kg2 1-0